=LDR 00000nam 2200000 4500 =001 INLIS000000000017437 =005 20130612112637 =008 ***********************************Ind** =035 ##$$0010-061300000017437 =041 ##$$a Ind =082 ##$$a 531.015 =090 ##$$a 531.015, Sud a =100 ##$$a Sudoyo, Peter =245 ##$$a Azas-asas mekanika analitik, Peter Soedojo =260 ##$$a 2000 $b Yogyakarta =300 ##$$a viii. 193 hlm, 21 cm =650 ##$$a Mekanika =850 ##$$a NBPNMAT